Internet & world wide web: (Record no. 102005)

MARC details
000 -LEADER
fixed length control field 01112nam a22002777a 4500
005 - DATE AND TIME OF LATEST TRANSACTION
control field 20170719164434.0
010 ## - LCCN (DPL NO)
LC control number 1617EN ENG-117088
020 ## - INTERNATIONAL STANDARD BOOK NUMBER
International Standard Book Number 9788131725221
Terms of availability 959.00
035 ## - SYSTEM CONTROL NUMBER
System control number B-651696-708
035 ## - SYSTEM CONTROL NUMBER
System control number EN-100620
035 ## - SYSTEM CONTROL NUMBER
System control number B-666215
037 ## - SOURCE OF ACQUISITION
Stock number dpl
Source of stock number/acquisition Pragati
037 ## - SOURCE OF ACQUISITION
Source of stock number/acquisition DBAD/PUB
082 ## - DEWEY DECIMAL CLASSIFICATION NUMBER
Classification number 006.76
100 ## - MAIN ENTRY--PERSONAL NAME
Personal name Deitel, P.J.
245 ## - TITLE STATEMENT
Title Internet & world wide web:
Statement of responsibility, etc by P.J.Deitel [and] H.M.Deitel
Remainder of title how to program /
250 ## - EDITION STATEMENT
Edition statement 4th ed
260 ## - PUBLICATION, DISTRIBUTION, ETC. (IMPRINT)
Place of publication, distribution, etc Noida
Name of publisher, distributor, etc Pearson
Date of publication, distribution, etc 2016
270 ## - ADDRESS
Address 7th Floor, Knowledge Boulevard, Sector 62
City Noida
Postal code 201309 (U.P.) India
300 ## - PHYSICAL DESCRIPTION
Extent xxxi,700p.
Dimensions 24cm(pbk)
Other physical details ill.
500 ## - GENERAL NOTE
General note Pearson international edition and index
700 ## - ADDED ENTRY--PERSONAL NAME
Personal name Deitel, H.M.
942 ## - ADDED ENTRY ELEMENTS (KOHA)
Source of classification or shelving scheme Dewey Decimal Classification
Item type English Books
Classification part 006.76
Call number suffix DEI
Holdings
Withdrawn status Lost status Not for loan Collection code Home library Current library Date acquired Source of acquisition Cost, normal purchase price Full call number Barcode Copy number Cost, replacement price Koha item type
      Non-fiction Bawana Bawana 09/02/2017 BPPD/EN/2016-17/300/24.11.2016/IN339/2.12.2016/4.1.2017 959.00 006.76 DEI B-651706 1 959.00 English Books
      Non-fiction Central Jail Tihar Central Jail Tihar 19/07/2017 BPPD/EN/2016-17/AV/2016-17/466/15.02.2017/567/28.02.2017/10.03.17 959.00 006.76 DEI B-666215 1 959.00 English Books
      Non-fiction Central Library Central Library 09/02/2017 BPPD/EN/2016-17/300/24.11.2016/IN339/2.12.2016/4.1.2017 959.00 006.76 DEI B-651696 1 959.00 English Books
    Not For Loan Non-fiction D.B.Act.Division D.B.Act.Division 17/01/2017 DBAD/PUB 959.00 005.2768 DEI EN-100620 1 959.00 English Books
      Non-fiction Janak Puri Janak Puri 09/02/2017 BPPD/EN/2016-17/300/24.11.2016/IN339/2.12.2016/4.1.2017 959.00 006.76 DEI B-651702 1 959.00 English Books
      Non-fiction Karol Bagh Karol Bagh 09/02/2017 BPPD/EN/2016-17/300/24.11.2016/IN339/2.12.2016/4.1.2017 959.00 006.76 DEI B-651704 1 959.00 English Books
      Non-fiction Kasturba Gandhi Marg Kasturba Gandhi Marg 09/02/2017 BPPD/EN/2016-17/300/24.11.2016/IN339/2.12.2016/4.1.2017 959.00 006.76 DEI B-651699 1 959.00 English Books
      Non-fiction Narela Narela 09/02/2017 BPPD/EN/2016-17/300/24.11.2016/IN339/2.12.2016/4.1.2017 959.00 006.76 DEI B-651705 1 959.00 English Books
      Non-fiction New Police Line New Police Line 09/02/2017 BPPD/EN/2016-17/300/24.11.2016/IN339/2.12.2016/4.1.2017 959.00 006.76 DEI B-651697 1 959.00 English Books
      Non-fiction Patel Nagar Patel Nagar 09/02/2017 BPPD/EN/2016-17/300/24.11.2016/IN339/2.12.2016/4.1.2017 959.00 006.76 DEI B-651698 1 959.00 English Books
      Non-fiction Peshwa Road Peshwa Road 09/02/2017 BPPD/EN/2016-17/300/24.11.2016/IN339/2.12.2016/4.1.2017 959.00 006.76 DEI B-651700 1 959.00 English Books
      Non-fiction Sarojini Nagar Sarojini Nagar 09/02/2017 BPPD/EN/2016-17/300/24.11.2016/IN339/2.12.2016/4.1.2017 959.00 006.76 DEI B-651703 1 959.00 English Books
      Non-fiction Shahdara Branch Shahdara Branch 09/02/2017 BPPD/EN/2016-17/300/24.11.2016/IN339/2.12.2016/4.1.2017 959.00 006.76 DEI B-651707 1 959.00 English Books
      Non-fiction Tri Nagar Tri Nagar 09/02/2017 BPPD/EN/2016-17/300/24.11.2016/IN339/2.12.2016/4.1.2017 959.00 006.76 DEI B-651701 1 959.00 English Books
      Non-fiction Yojana Vihar Yojana Vihar 09/02/2017 BPPD/EN/2016-17/300/24.11.2016/IN339/2.12.2016/4.1.2017 959.00 006.76 DEI B-651708 1 959.00 English Books

© Delhi Public Library
Hit Counter
free hit counter